000
00310nam a22001457a 4500
003
OSt
008
231102b |||||||| |||| 00| 0 eng d
041
_a
eng
082
_a
894.8121
_b
KUN /A
100
_a
Kunhiraman Nair, P
_9
5563
245
_a
Anthithiri
250
_a
2nd
300
_a
58pages.
942
_c
BK
999
_c
17771
_d
17771